Guía botánica básica del parque natural de la sierra de Hornachuelos / (Registro nro. 2870)

Detalles MARC
000 -CABECERA
Campo de control 00897nam a2200229 i 4500
005 - FECHA Y HORA DE LA ULTIMA TRANSACCION
Campo de control 20160220135227.0
008 - ELEMENTOS DE LONGITUD FIJA—INFORMACION GENERAL
Campo de control 140307s1991 ck ||||| |||| 00| 0 spa d
040 ## - FUENTE DE CATALOGACIÓN
Agencia catalogadora original CO-BoIAVH
Agencia transcriptora CO-BoIAVH
041 ## - IDIOMA
Código de idioma para texto/pista de sonido o título separado Español
044 ## - PAÍS DE PUBLICACIÓN
País de publicación Colombia
082 04 - NUMERO DE CLASIFICACION DECIMAL DEWEY
Número de clasificación 333.783
Número del ítem F36g
100 1# - ASIENTO PRINCIPAL--NOMBRE PERSONAL
Nombre personal Fernández Corrales, Pilar
9 (RLIN) 17699
245 10 - MENCION DE TITULO
Título Guía botánica básica del parque natural de la sierra de Hornachuelos /
Mención de responsabilidad por Pilar Fernández Corrales & Eugenio Domínguez Vilches.
260 ## - PUBLICACION, DISTRIBUCION, ETC. (PIE DE IMPRENTA)
Lugar de publicación, distribución, etc. Córdoba :
Nombre del editor, distribuidor, etc. Consejería de Medio Ambiente - Junta de Andalucía,
Fecha de publicación, distribución, etc. 1991.
300 ## - DESCRIPCION FISICA
Extensión 57 páginas
Dimensiones 21 cm.
650 16 - ASIENTO SECUNDARIO DE MATERIA - TERMINO TEMATICO
Término temático o nombre geográfico como elemento de entrada Parques natural
Subdivisión geográfica España
Subdivisión de forma Guías.
9 (RLIN) 61862
650 26 - ASIENTO SECUNDARIO DE MATERIA - TERMINO TEMATICO
Término temático o nombre geográfico como elemento de entrada Identificación de especies
Subdivisión de forma Guías.
Subdivisión geográfica España
9 (RLIN) 61863
650 26 - ASIENTO SECUNDARIO DE MATERIA - TERMINO TEMATICO
Término temático o nombre geográfico como elemento de entrada Plantas
Subdivisión general Identificación
Subdivisión de forma Guías.
Subdivisión geográfica España
9 (RLIN) 61864
650 ## - ASIENTO SECUNDARIO DE MATERIA - TERMINO TEMATICO
Término temático o nombre geográfico como elemento de entrada Áreas protegidas
Subdivisión geográfica España
9 (RLIN) 61865
700 1# - ASIENTO SECUNDARIO - NOMBRE PERSONAL
Nombre personal Domínguez Vilches, Eugenio,
Término de relación autor.
9 (RLIN) 17702
942 ## - ELEMENTOS ADICIONALES (KOHA)
Tipo de ítem Libro
Sistema de clasificación Dewey Decimal Classification
Existencias
Withdrawn status Lost status Sistema de Clasificación Damaged status No para préstamo Colección Inventariado Ubicación Permanente Ubicación actual Fecha de adquisición Fuente de Valor Valor Total Checkouts Número topográfico Inventario / Código de Barras Date last seen Ejemplar Price effective from Forma de adquisición Tipo de material
    Dewey Decimal Classification     General Inventariado 2017 Bogotá Bogotá 08/08/2002 Instituto 20000.00   LB-333.783 F36g 003364 04/12/2012 Ej. 1 04/12/2012   Libro